|
|
|
|
| LEADER |
00847nam a2200217 a 4500 |
| 001 |
13759 |
| 008 |
130617s2003 xxua b 001 0 eng |
| 020 |
|
|
|a 0631220585 (hardback)
|
| 020 |
|
|
|a 0631220593 (paperback)
|
| 040 |
|
|
|a BD-DhAAL
|c BD-DhAAL.
|
| 082 |
0 |
0 |
|a 142
|2 22
|
| 245 |
0 |
0 |
|a Modern critical thought :
|b an anthology of theorists writing on theorists /
|c edited by Drew Milne.
|
| 260 |
|
|
|a Malden :
|b Blackwell,
|c c2003.
|
| 300 |
|
|
|a ix, 372 p. :
|b ill. ;
|c 25 cm.
|
| 504 |
|
|
|a Inclues bibliographical references and index.
|
| 541 |
|
|
|e 13759
|
| 650 |
|
0 |
|a Criticism (Philosophy)
|
| 650 |
|
0 |
|a Philosophy, Modern.
|
| 852 |
1 |
|
|a Ayesha Abed Library
|j General shelf.
|
| 999 |
|
|
|c 13589
|d 13589
|
| 952 |
|
|
|0 0
|1 0
|2 ddc
|4 0
|6 142_000000000000000_MOD
|7 0
|9 22742
|a BRACUL
|b BRACUL
|c GEN
|d 2013-06-17
|l 4
|m 13
|o 142 MOD
|p 3010013759
|r 2025-12-30
|s 2025-10-05
|t 1
|w 2013-06-17
|y BK
|